Loading...
| Literature - European | 0 | 7 | 0 | 1 | 70 | 59 | 82.86 | 0 | 2 | 0.00 | 0.00 |
| History - American | 0 | 5 | 0 | 0 | 50 | 29 | 46.20 | 1 | 3 | 0.00 | 0.00 |
| Philosophy | 0 | 5 | 1 | 0 | 45 | 32 | 59.40 | 1 | 3 | 0.00 | 0.00 |
| Literature - World | 0 | 5 | 1 | 0 | 45 | 32 | 84.40 | 1 | 2 | 0.00 | 0.00 |
| Literature - American | 0 | 4 | 0 | 0 | 40 | 40 | 67.75 | 0 | 3 | 0.00 | 0.00 |
| Science - Other | 0 | 3 | 0 | 1 | 30 | 54 | 99.00 | 0 | 0 | 0.00 | 0.00 |
| Fine Arts - Other | 0 | 3 | 0 | 0 | 30 | 16 | 61.00 | 1 | 2 | 0.00 | 0.00 |
| Literature - British | 0 | 3 | 0 | 0 | 30 | 58 | 67.00 | 0 | 2 | 0.00 | 0.00 |
| Mythology | 0 | 3 | 0 | 0 | 30 | 64 | 73.00 | 0 | 2 | 0.00 | 0.00 |
| Religion | 0 | 3 | 0 | 0 | 30 | 57 | 73.33 | 0 | 1 | 0.00 | 0.00 |
| Popular Culture | 0 | 1 | 0 | 0 | 10 | 16 | 16.00 | 1 | 1 | 0.00 | 0.00 |
| Science - Biology | 0 | 1 | 0 | 0 | 10 | 54 | 54.00 | 0 | 0 | 0.00 | 0.00 |
| History - World | 0 | 1 | 0 | 1 | 10 | 109 | 109.00 | 0 | 0 | 0.00 | 0.00 |
| Current Events | 0 | 1 | 0 | 0 | 10 | 39 | 39.00 | 1 | 1 | 0.00 | 0.00 |
| History - European | 0 | 1 | 0 | 0 | 10 | 65 | 65.00 | 0 | 0 | 0.00 | 0.00 |
| Fine Arts - Painting and Sculpture | 0 | 1 | 1 | 0 | 5 | 50 | 50.00 | 0 | 1 | 0.00 | 0.00 |
| History - Other | 0 | 1 | 1 | 0 | 5 | 38 | 38.00 | 1 | 1 | 0.00 | 0.00 |